| 000 | 00379pab a2200157 454500 | ||
|---|---|---|---|
| 008 | 180718b1995 xxu||||| |||| 00| 0 eng d | ||
| 100 | _aKrishnamurthi, Ramesh | ||
| 245 | _aDo the high rise and the slum have to coexist? | ||
| 260 | _c1995 | ||
| 300 | _ap.17 | ||
| 362 | _a14 Nov | ||
| 650 | _aHousing - India | ||
| 650 | _aSlums - India | ||
| 773 | _aHindu | ||
| 909 | _a30567 | ||
| 999 |
_c30567 _d30567 |
||